| 000 | 00621nam a2200241Ia 4500 | ||
|---|---|---|---|
| 008 | 160216s9999 xx 000 0 und d | ||
| 020 | _a0-07-121393-7 | ||
| 050 | _aMAIN BF 713 | ||
| 050 | _b.S26 2004 | ||
| 100 | _aSantrock, John W. | ||
| 245 | _aLife-span development / | ||
| 245 | _cJohn W. Santrock. | ||
| 250 | _a9th Edition | ||
| 260 | _aNew York : | ||
| 260 | _bMcGraw-Hill. | ||
| 260 | _c2004 | ||
| 300 | _a679 pages : | ||
| 300 | _bcol. ill. ; | ||
| 300 | _c28 cm. | ||
| 500 | _aIncludes bibliographical references and index. | ||
| 650 | _aDevelopmental psychology -- | ||
| 650 | _xTextbooks. | ||
| 999 |
_c290848 _d290848 |
||